[Event "ODJM B 2023"]
[Site "Willingen GER"]
[Date "2023.05.30"]
[Round "4"]
[White "Ermert, Karl Hans Ragnar"]
[Black "Hepp, Daniel"]
[Result "1/2-1/2"]
[Termination "normal"]
[Board "18"]
[WhiteElo "1584"]
[BlackElo "1442"]
[WhiteClock "00:09:11"]
[BlackClock "00:31:02"]
[PlyCount "70"]
[WhiteFideId "16275675"]
[BlackFideId "34608567"]
[EventCountry "GER"]
[EventRounds "9"]
[EventType "swiss"]
[EventDate "2023.05.27"]

1. b3 {[%clk 01:30:57]} {[%emt 00:00:02]} d5 {[%clk 01:30:39]} {[%emt
00:00:22]} 2. Bb2 {[%clk 01:31:16]} {[%emt 00:00:11]} Bf5 {[%clk 01:30:21]}
{[%emt 00:00:48]} 3. e3 {[%clk 01:31:07]} {[%emt 00:00:39]} e6 {[%clk
01:30:23]} {[%emt 00:00:28]} 4. Nf3 {[%clk 01:31:01]} {[%emt 00:00:35]} Nf6
{[%clk 01:30:07]} {[%emt 00:00:47]} 5. Be2 {[%clk 01:25:28]} {[%emt 00:06:02]}
Bd6 {[%clk 01:28:11]} {[%emt 00:02:27]} 6. Ne5 {[%clk 01:25:27]} {[%emt
00:00:30]} O-O {[%clk 01:22:55]} {[%emt 00:05:47]} 7. O-O {[%clk 01:25:36]}
{[%emt 00:00:20]} Qe7 {[%clk 01:21:48]} {[%emt 00:01:38]} 8. d3 {[%clk
01:24:45]} {[%emt 00:01:21]} Nbd7 {[%clk 01:18:21]} {[%emt 00:03:58]} 9. f4
{[%clk 01:24:30]} {[%emt 00:00:43]} Bc5 {[%clk 01:16:56]} {[%emt 00:01:56]} 10.
d4 {[%clk 01:19:44]} {[%emt 00:05:16]} Bd6 {[%clk 01:14:06]} {[%emt 00:03:20]}
11. Nd2 {[%clk 01:06:53]} {[%emt 00:13:21]} Ne4 {[%clk 01:07:09]} {[%emt
00:07:27]} 12. Nxe4 {[%clk 01:01:09]} {[%emt 00:06:13]} Bxe4 {[%clk 01:07:18]}
{[%emt 00:00:21]} 13. Bd3 {[%clk 01:00:35]} {[%emt 00:01:04]} f5 {[%clk
01:04:38]} {[%emt 00:03:11]} 14. c4 {[%clk 00:56:20]} {[%emt 00:04:44]} Bxe5
{[%clk 01:01:07]} {[%emt 00:04:01]} 15. fxe5 {[%clk 00:53:57]} {[%emt
00:02:54]} Qg5 {[%clk 01:00:48]} {[%emt 00:00:49]} 16. Qe2 {[%clk 00:54:10]}
{[%emt 00:00:17]} c6 {[%clk 00:59:45]} {[%emt 00:01:33]} 17. Rf4 {[%clk
00:51:11]} {[%emt 00:03:28]} Rac8 {[%clk 00:55:26]} {[%emt 00:04:50]} 18. Raf1
{[%clk 00:50:01]} {[%emt 00:01:39]} a6 {[%clk 00:52:12]} {[%emt 00:03:46]} 19.
Ba3 {[%clk 00:45:51]} {[%emt 00:04:39]} Bxd3 {[%clk 00:52:18]} {[%emt
00:00:24]} 20. Qxd3 {[%clk 00:46:12]} {[%emt 00:00:09]} Rfe8 {[%clk 00:52:35]}
{[%emt 00:00:13]} 21. R1f3 {[%clk 00:43:37]} {[%emt 00:03:04]} Nf8 {[%clk
00:49:53]} {[%emt 00:03:11]} 22. Rg3 {[%clk 00:39:24]} {[%emt 00:04:44]} Qh6
{[%clk 00:49:33]} {[%emt 00:00:50]} 23. Rh3 {[%clk 00:39:10]} {[%emt 00:00:44]}
Qg6 {[%clk 00:49:43]} {[%emt 00:00:21]} 24. Rfh4 {[%clk 00:35:52]} {[%emt
00:03:48]} h6 {[%clk 00:47:17]} {[%emt 00:02:57]} 25. Rg3 {[%clk 00:28:30]}
{[%emt 00:07:50]} Qh7 {[%clk 00:47:00]} {[%emt 00:00:47]} 26. Qd1 {[%clk
00:26:11]} {[%emt 00:02:49]} Ng6 {[%clk 00:42:41]} {[%emt 00:04:49]} 27. Rhh3
{[%clk 00:26:23]} {[%emt 00:00:18]} f4 {[%clk 00:40:52]} {[%emt 00:02:19]} 28.
exf4 {[%clk 00:26:40]} {[%emt 00:00:13]} Nxf4 {[%clk 00:40:58]} {[%emt
00:00:25]} 29. Rh4 {[%clk 00:26:52]} {[%emt 00:00:17]} Qe4 {[%clk 00:39:25]}
{[%emt 00:02:04]} 30. Rgg4 {[%clk 00:20:35]} {[%emt 00:06:46]} g5 {[%clk
00:37:37]} {[%emt 00:02:19]} 31. Kh1 {[%clk 00:16:34]} {[%emt 00:04:31]} Nd3
{[%clk 00:34:42]} {[%emt 00:03:24]} 32. Qf1 {[%clk 00:11:37]} {[%emt 00:05:27]}
Qe3 {[%clk 00:30:44]} {[%emt 00:04:29]} 33. Rg3 {[%clk 00:08:25]} {[%emt
00:03:41]} Nf2+ {[%clk 00:30:22]} {[%emt 00:00:53]} 34. Kg1 {[%clk 00:08:47]}
{[%emt 00:00:08]} Nh3+ {[%clk 00:30:36]} {[%emt 00:00:16]} 35. Kh1 {[%clk
00:09:11]} {[%emt 00:00:06]} Nf2+ {[%clk 00:31:02]} {[%emt 00:00:04]} 1/2-1/2

[Event "ODJM B 2023"]
[Site "Willingen GER"]
[Date "2023.05.30"]
[Round "4"]
[White "Sitnik, Arthur"]
[Black "Krömer, Emanuel"]
[Result "0-1"]
[Termination "normal"]
[Board "19"]
[WhiteElo "1267"]
[BlackElo "1496"]
[WhiteClock "00:12:31"]
[BlackClock "00:25:13"]
[PlyCount "56"]
[WhiteFideId "34608150"]
[BlackFideId "16287070"]
[EventCountry "GER"]
[EventRounds "9"]
[EventType "swiss"]
[EventDate "2023.05.27"]

1. e4 {[%clk 01:30:57]} {[%emt 00:00:02]} c5 {[%clk 01:30:58]} {[%emt
00:00:02]} 2. Nf3 {[%clk 01:31:18]} {[%emt 00:00:10]} Nc6 {[%clk 01:31:24]}
{[%emt 00:00:04]} 3. c3 {[%clk 01:31:32]} {[%emt 00:00:16]} Nf6 {[%clk
01:31:49]} {[%emt 00:00:05]} 4. d3 {[%clk 01:25:02]} {[%emt 00:06:58]} g6
{[%clk 01:27:32]} {[%emt 00:04:49]} 5. Nbd2 {[%clk 01:18:27]} {[%emt 00:07:05]}
Bg7 {[%clk 01:21:04]} {[%emt 00:06:58]} 6. d4 {[%clk 01:11:08]} {[%emt
00:07:49]} cxd4 {[%clk 01:14:06]} {[%emt 00:07:27]} 7. cxd4 {[%clk 01:11:17]}
{[%emt 00:00:21]} Qb6 {[%clk 01:13:38]} {[%emt 00:00:58]} 8. Nc4 {[%clk
01:02:47]} {[%emt 00:09:00]} Qd8 {[%clk 01:01:04]} {[%emt 00:13:05]} 9. d5
{[%clk 00:38:59]} {[%emt 00:24:18]} Na5 {[%clk 00:55:26]} {[%emt 00:06:07]} 10.
Nxa5 {[%clk 00:32:10]} {[%emt 00:07:19]} Qxa5+ {[%clk 00:55:13]} {[%emt
00:00:43]} 11. Bd2 {[%clk 00:32:01]} {[%emt 00:00:39]} Qb6 {[%clk 00:54:47]}
{[%emt 00:00:56]} 12. Bc3 {[%clk 00:29:05]} {[%emt 00:03:26]} Nxe4 {[%clk
00:52:01]} {[%emt 00:03:16]} 13. Qc2 {[%clk 00:27:04]} {[%emt 00:02:31]} Nxc3
{[%clk 00:47:22]} {[%emt 00:05:10]} 14. bxc3 {[%clk 00:27:16]} {[%emt
00:00:18]} Qa5 {[%clk 00:46:43]} {[%emt 00:01:08]} 15. Rc1 {[%clk 00:26:30]}
{[%emt 00:01:15]} Qxd5 {[%clk 00:44:47]} {[%emt 00:02:27]} 16. Nd4 {[%clk
00:25:19]} {[%emt 00:01:41]} O-O {[%clk 00:42:25]} {[%emt 00:02:53]} 17. Rd1
{[%clk 00:21:40]} {[%emt 00:04:08]} d6 {[%clk 00:38:49]} {[%emt 00:04:06]} 18.
Nb5 {[%clk 00:20:07]} {[%emt 00:02:02]} Qe5+ {[%clk 00:37:56]} {[%emt
00:01:23]} 19. Be2 {[%clk 00:20:04]} {[%emt 00:00:34]} Bf5 {[%clk 00:37:29]}
{[%emt 00:00:58]} 20. Qd2 {[%clk 00:18:47]} {[%emt 00:01:46]} Bg4 {[%clk
00:32:17]} {[%emt 00:05:42]} 21. f3 {[%clk 00:18:10]} {[%emt 00:01:08]} Bd7
{[%clk 00:32:37]} {[%emt 00:00:09]} 22. f4 {[%clk 00:17:22]} {[%emt 00:01:19]}
Qc5 {[%clk 00:29:10]} {[%emt 00:03:56]} 23. Nd4 {[%clk 00:17:14]} {[%emt
00:00:38]} Rac8 {[%clk 00:28:33]} {[%emt 00:01:08]} 24. O-O {[%clk 00:15:57]}
{[%emt 00:01:46]} e5 {[%clk 00:28:23]} {[%emt 00:00:40]} 25. fxe5 {[%clk
00:15:55]} {[%emt 00:00:32]} dxe5 {[%clk 00:28:34]} {[%emt 00:00:20]} 26. Kh1
{[%clk 00:11:57]} {[%emt 00:04:28]} exd4 {[%clk 00:28:56]} {[%emt 00:00:08]}
27. Bf3 {[%clk 00:12:11]} {[%emt 00:00:15]} Qxc3 {[%clk 00:24:44]} {[%emt
00:04:42]} 28. Qxc3 {[%clk 00:12:31]} {[%emt 00:00:10]} Rxc3 {[%clk 00:25:13]}
{[%emt 00:00:02]} 0-1

[Event "ODJM B 2023"]
[Site "Willingen GER"]
[Date "2023.05.30"]
[Round "4"]
[White "Beberhold, Otto Richard"]
[Black "Weis, Constantin"]
[Result "0-1"]
[Termination "normal"]
[Board "20"]
[WhiteElo "1427"]
[BlackElo "1677"]
[WhiteClock "00:37:20"]
[BlackClock "00:26:54"]
[PlyCount "106"]
[WhiteFideId "34617248"]
[BlackFideId "16286197"]
[EventCountry "GER"]
[EventRounds "9"]
[EventType "swiss"]
[EventDate "2023.05.27"]

1. d4 {[%clk 01:30:57]} {[%emt 00:00:02]} Nf6 {[%clk 01:30:21]} {[%emt
00:00:39]} 2. c4 {[%clk 01:31:20]} {[%emt 00:00:08]} e5 {[%clk 01:30:34]}
{[%emt 00:00:17]} 3. dxe5 {[%clk 01:31:25]} {[%emt 00:00:26]} Ng4 {[%clk
01:31:01]} {[%emt 00:00:01]} 4. Nf3 {[%clk 01:31:22]} {[%emt 00:00:33]} Bc5
{[%clk 01:31:23]} {[%emt 00:00:08]} 5. e3 {[%clk 01:31:37]} {[%emt 00:00:16]}
Nc6 {[%clk 01:31:40]} {[%emt 00:00:13]} 6. Nd4 {[%clk 01:31:38]} {[%emt
00:00:29]} Ngxe5 {[%clk 01:26:31]} {[%emt 00:05:38]} 7. Nc3 {[%clk 01:31:00]}
{[%emt 00:01:07]} O-O {[%clk 01:24:47]} {[%emt 00:02:15]} 8. Be2 {[%clk
01:30:45]} {[%emt 00:00:45]} Re8 {[%clk 01:24:18]} {[%emt 00:00:58]} 9. O-O
{[%clk 01:30:59]} {[%emt 00:00:17]} a5 {[%clk 01:18:58]} {[%emt 00:05:50]} 10.
b3 {[%clk 01:28:49]} {[%emt 00:02:40]} Ne7 {[%clk 01:08:20]} {[%emt 00:11:08]}
11. Bb2 {[%clk 01:24:33]} {[%emt 00:04:46]} d5 {[%clk 01:07:21]} {[%emt
00:01:30]} 12. cxd5 {[%clk 01:21:25]} {[%emt 00:03:38]} Nxd5 {[%clk 01:05:52]}
{[%emt 00:01:59]} 13. Ndb5 {[%clk 01:21:09]} {[%emt 00:00:46]} Nxc3 {[%clk
00:59:36]} {[%emt 00:06:45]} 14. Bxc3 {[%clk 01:20:15]} {[%emt 00:01:24]} Qe7
{[%clk 00:59:54]} {[%emt 00:00:12]} 15. Qc2 {[%clk 01:14:25]} {[%emt 00:06:20]}
c6 {[%clk 00:57:08]} {[%emt 00:03:17]} 16. Nd4 {[%clk 01:13:32]} {[%emt
00:01:22]} Bb6 {[%clk 00:51:12]} {[%emt 00:06:26]} 17. Nf5 {[%clk 01:07:34]}
{[%emt 00:06:28]} Qf6 {[%clk 00:43:09]} {[%emt 00:08:33]} 18. Nd4 {[%clk
00:57:01]} {[%emt 00:11:04]} Qe7 {[%clk 00:33:38]} {[%emt 00:10:00]} 19. Rad1
{[%clk 00:53:51]} {[%emt 00:03:39]} Be6 {[%clk 00:32:56]} {[%emt 00:01:13]} 20.
Nf3 {[%clk 00:49:29]} {[%emt 00:04:53]} Ng4 {[%clk 00:30:32]} {[%emt 00:02:53]}
21. h3 {[%clk 00:44:22]} {[%emt 00:05:37]} Nf6 {[%clk 00:29:51]} {[%emt
00:01:10]} 22. Ng5 {[%clk 00:43:19]} {[%emt 00:01:34]} g6 {[%clk 00:30:02]}
{[%emt 00:00:19]} 23. Qb2 {[%clk 00:41:27]} {[%emt 00:02:23]} Nd5 {[%clk
00:28:00]} {[%emt 00:02:29]} 24. Nxe6 {[%clk 00:41:03]} {[%emt 00:00:56]} Nxc3
{[%clk 00:26:21]} {[%emt 00:02:09]} 25. Qxc3 {[%clk 00:41:03]} {[%emt
00:00:31]} Qxe6 {[%clk 00:26:45]} {[%emt 00:00:06]} 26. Bc4 {[%clk 00:41:21]}
{[%emt 00:00:11]} Qe7 {[%clk 00:26:29]} {[%emt 00:00:46]} 27. Rfe1 {[%clk
00:35:42]} {[%emt 00:06:09]} Bc5 {[%clk 00:22:37]} {[%emt 00:04:22]} 28. Re2
{[%clk 00:32:04]} {[%emt 00:04:07]} Bb4 {[%clk 00:22:10]} {[%emt 00:00:58]} 29.
Qc2 {[%clk 00:30:40]} {[%emt 00:01:54]} Red8 {[%clk 00:20:07]} {[%emt
00:02:33]} 30. e4 {[%clk 00:22:06]} {[%emt 00:09:05]} Rxd1+ {[%clk 00:18:35]}
{[%emt 00:02:01]} 31. Qxd1 {[%clk 00:22:26]} {[%emt 00:00:11]} Rd8 {[%clk
00:19:01]} {[%emt 00:00:04]} 32. Qc2 {[%clk 00:22:02]} {[%emt 00:00:53]} Qe5
{[%clk 00:15:06]} {[%emt 00:04:25]} 33. g3 {[%clk 00:18:29]} {[%emt 00:04:03]}
h5 {[%clk 00:13:59]} {[%emt 00:01:37]} 34. Kg2 {[%clk 00:18:05]} {[%emt
00:00:54]} h4 {[%clk 00:13:00]} {[%emt 00:01:29]} 35. Qc1 {[%clk 00:15:17]}
{[%emt 00:03:19]} b5 {[%clk 00:11:30]} {[%emt 00:01:59]} 36. Bxf7+ {[%clk
00:14:01]} {[%emt 00:01:46]} Kxf7 {[%clk 00:11:59]} {[%emt 00:00:01]} 37. Qxc6
{[%clk 00:14:11]} {[%emt 00:00:20]} hxg3 {[%clk 00:08:52]} {[%emt 00:03:37]}
38. fxg3 {[%clk 00:14:24]} {[%emt 00:00:18]} Bd6 {[%clk 00:09:00]} {[%emt
00:00:21]} 39. Qd5+ {[%clk 00:12:57]} {[%emt 00:01:58]} Qxd5 {[%clk 00:09:08]}
{[%emt 00:00:22]} 40. exd5 {[%clk 00:13:21]} {[%emt 00:00:06]} Bc5 {[%clk
00:05:06]} {[%emt 00:04:31]} 41. Rd2 {[%clk 00:09:38]} {[%emt 00:04:14]} Kf6
{[%clk 00:04:56]} {[%emt 00:00:39]} 42. Kf3 {[%clk 00:10:06]} {[%emt 00:00:03]}
Kf5 {[%clk 00:01:01]} {[%emt 00:04:25]} 43. g4+ {[%clk 00:09:50]} {[%emt
00:00:46]} Ke5 {[%clk 00:01:10]} {[%emt 00:00:19]} 44. a4 {[%clk 00:08:36]}
{[%emt 00:01:45]} bxa4 {[%clk 00:30:08]} {[%emt 00:01:32]} 45. bxa4 {[%clk
00:39:01]} {[%emt 00:00:05]} Rxd5 {[%clk 00:30:28]} {[%emt 00:00:10]} 46. Rxd5+
{[%clk 00:39:16]} {[%emt 00:00:15]} Kxd5 {[%clk 00:30:57]} {[%emt 00:00:02]}
47. Kf4 {[%clk 00:39:34]} {[%emt 00:00:12]} Be7 {[%clk 00:30:20]} {[%emt
00:01:06]} 48. g5 {[%clk 00:37:47]} {[%emt 00:02:17]} Bb4 {[%clk 00:26:25]}
{[%emt 00:04:23]} 49. h4 {[%clk 00:36:52]} {[%emt 00:01:27]} Bd2+ {[%clk
00:26:24]} {[%emt 00:00:31]} 50. Kf3 {[%clk 00:36:44]} {[%emt 00:00:39]} Kc4
{[%clk 00:26:32]} {[%emt 00:00:21]} 51. Ke4 {[%clk 00:37:01]} {[%emt 00:00:13]}
Be1 {[%clk 00:26:04]} {[%emt 00:00:57]} 52. h5 {[%clk 00:36:54]} {[%emt
00:00:38]} gxh5 {[%clk 00:26:26]} {[%emt 00:00:08]} 53. g6 {[%clk 00:37:20]}
{[%emt 00:00:04]} Bc3 {[%clk 00:26:54]} {[%emt 00:00:02]} 0-1

[Event "ODJM B 2023"]
[Site "Willingen GER"]
[Date "2023.05.30"]
[Round "4"]
[White "Kraus, Linus"]
[Black "Werner, Florin"]
[Result "0-1"]
[Termination "normal"]
[Board "21"]
[WhiteElo "1532"]
[BlackElo "1678"]
[WhiteClock "00:46:41"]
[BlackClock "00:21:18"]
[PlyCount "80"]
[WhiteFideId "34629629"]
[BlackFideId "16250230"]
[EventCountry "GER"]
[EventRounds "9"]
[EventType "swiss"]
[EventDate "2023.05.27"]

1. e4 {[%clk 01:30:47]} {[%emt 00:00:12]} e6 {[%clk 01:30:32]} {[%emt
00:00:30]} 2. d4 {[%clk 01:30:30]} {[%emt 00:00:45]} d5 {[%clk 01:30:08]}
{[%emt 00:00:55]} 3. Nc3 {[%clk 01:29:29]} {[%emt 00:01:31]} Nf6 {[%clk
01:29:52]} {[%emt 00:00:46]} 4. Bg5 {[%clk 01:28:40]} {[%emt 00:01:18]} Be7
{[%clk 01:29:53]} {[%emt 00:00:30]} 5. e5 {[%clk 01:28:30]} {[%emt 00:00:41]}
Nfd7 {[%clk 01:30:00]} {[%emt 00:00:23]} 6. Bxe7 {[%clk 01:28:09]} {[%emt
00:00:50]} Qxe7 {[%clk 01:30:19]} {[%emt 00:00:12]} 7. f4 {[%clk 01:27:32]}
{[%emt 00:01:06]} a6 {[%clk 01:29:13]} {[%emt 00:01:36]} 8. Bd3 {[%clk
01:23:52]} {[%emt 00:04:09]} c5 {[%clk 01:29:36]} {[%emt 00:00:09]} 9. Nf3
{[%clk 01:24:10]} {[%emt 00:00:12]} Nc6 {[%clk 01:29:59]} {[%emt 00:00:07]} 10.
dxc5 {[%clk 01:23:42]} {[%emt 00:00:57]} Nxc5 {[%clk 01:30:06]} {[%emt
00:00:23]} 11. Qd2 {[%clk 01:23:03]} {[%emt 00:01:10]} b5 {[%clk 01:27:09]}
{[%emt 00:03:27]} 12. Qf2 {[%clk 01:20:34]} {[%emt 00:02:58]} Nb4 {[%clk
01:15:16]} {[%emt 00:12:24]} 13. Rd1 {[%clk 01:18:00]} {[%emt 00:03:03]} Nbxd3+
{[%clk 01:09:33]} {[%emt 00:06:14]} 14. cxd3 {[%clk 01:18:23]} {[%emt
00:00:07]} b4 {[%clk 01:09:48]} {[%emt 00:00:15]} 15. Ne2 {[%clk 01:17:57]}
{[%emt 00:00:55]} a5 {[%clk 00:58:11]} {[%emt 00:12:07]} 16. Ned4 {[%clk
01:17:05]} {[%emt 00:01:22]} Bd7 {[%clk 00:56:36]} {[%emt 00:02:06]} 17. O-O
{[%clk 01:15:44]} {[%emt 00:01:51]} O-O {[%clk 00:54:02]} {[%emt 00:03:04]} 18.
Rfe1 {[%clk 01:13:48]} {[%emt 00:02:25]} Rfc8 {[%clk 00:46:35]} {[%emt
00:07:58]} 19. Qh4 {[%clk 01:05:58]} {[%emt 00:08:19]} Qxh4 {[%clk 00:44:26]}
{[%emt 00:02:39]} 20. Nxh4 {[%clk 01:06:19]} {[%emt 00:00:09]} Na4 {[%clk
00:44:38]} {[%emt 00:00:19]} 21. Rd2 {[%clk 01:06:14]} {[%emt 00:00:35]} Rc7
{[%clk 00:42:43]} {[%emt 00:02:24]} 22. a3 {[%clk 00:59:21]} {[%emt 00:07:24]}
bxa3 {[%clk 00:38:15]} {[%emt 00:04:58]} 23. bxa3 {[%clk 00:59:38]} {[%emt
00:00:13]} Rc3 {[%clk 00:38:24]} {[%emt 00:00:20]} 24. Ra1 {[%clk 00:59:27]}
{[%emt 00:00:41]} Nc5 {[%clk 00:36:48]} {[%emt 00:02:06]} 25. Ne2 {[%clk
00:50:48]} {[%emt 00:09:09]} Rxd3 {[%clk 00:35:47]} {[%emt 00:01:31]} 26. Rxd3
{[%clk 00:50:07]} {[%emt 00:01:11]} Nxd3 {[%clk 00:36:04]} {[%emt 00:00:14]}
27. Rd1 {[%clk 00:49:12]} {[%emt 00:01:25]} Nb2 {[%clk 00:35:47]} {[%emt
00:00:47]} 28. Rb1 {[%clk 00:48:32]} {[%emt 00:01:10]} Nc4 {[%clk 00:36:11]}
{[%emt 00:00:06]} 29. Rb7 {[%clk 00:48:21]} {[%emt 00:00:40]} Bc8 {[%clk
00:35:40]} {[%emt 00:01:01]} 30. Rb3 {[%clk 00:48:21]} {[%emt 00:00:30]} a4
{[%clk 00:35:27]} {[%emt 00:00:43]} 31. Rc3 {[%clk 00:48:03]} {[%emt 00:00:49]}
Rb8 {[%clk 00:35:26]} {[%emt 00:00:30]} 32. Nd4 {[%clk 00:47:20]} {[%emt
00:01:14]} Bd7 {[%clk 00:34:10]} {[%emt 00:01:46]} 33. g4 {[%clk 00:47:22]}
{[%emt 00:00:28]} Rb1+ {[%clk 00:24:23]} {[%emt 00:10:17]} 34. Kf2 {[%clk
00:47:41]} {[%emt 00:00:11]} Ra1 {[%clk 00:21:28]} {[%emt 00:03:24]} 35. Nc2
{[%clk 00:47:23]} {[%emt 00:00:48]} Rc1 {[%clk 00:21:52]} {[%emt 00:00:06]} 36.
Kf3 {[%clk 00:45:32]} {[%emt 00:02:21]} Nxa3 {[%clk 00:20:33]} {[%emt
00:01:49]} 37. Rc7 {[%clk 00:45:45]} {[%emt 00:00:18]} Be8 {[%clk 00:20:06]}
{[%emt 00:00:56]} 38. Re7 {[%clk 00:45:59]} {[%emt 00:00:16]} Kf8 {[%clk
00:20:26]} {[%emt 00:00:10]} 39. Rxe8+ {[%clk 00:46:17]} {[%emt 00:00:13]} Kxe8
{[%clk 00:20:53]} {[%emt 00:00:03]} 40. Nxa3 {[%clk 00:46:41]} {[%emt
00:00:06]} Rc3+ {[%clk 00:21:18]} {[%emt 00:00:05]} 0-1

[Event "ODJM B 2023"]
[Site "Willingen GER"]
[Date "2023.05.30"]
[Round "4"]
[White "Morio, Estelle"]
[Black "Hartwig, Eric-Jordan"]
[Result "1/2-1/2"]
[Termination "normal"]
[Board "22"]
[WhiteElo "1792"]
[BlackElo "1534"]
[WhiteClock "00:00:56"]
[BlackClock "00:14:23"]
[PlyCount "74"]
[WhiteFideId "12951951"]
[BlackFideId "16298454"]
[EventCountry "GER"]
[EventRounds "9"]
[EventType "swiss"]
[EventDate "2023.05.27"]

1. f4 {[%clk 01:30:58]} {[%emt 00:00:01]} c5 {[%clk 01:30:51]} {[%emt
00:00:10]} 2. Nf3 {[%clk 01:31:19]} {[%emt 00:00:10]} d5 {[%clk 01:30:15]}
{[%emt 00:01:06]} 3. e3 {[%clk 01:31:35]} {[%emt 00:00:13]} a6 {[%clk
01:30:22]} {[%emt 00:00:24]} 4. b3 {[%clk 01:31:50]} {[%emt 00:00:15]} Nf6
{[%clk 01:30:26]} {[%emt 00:00:26]} 5. Bb2 {[%clk 01:32:07]} {[%emt 00:00:12]}
Bg4 {[%clk 01:30:32]} {[%emt 00:00:24]} 6. Be2 {[%clk 01:32:23]} {[%emt
00:00:14]} Bxf3 {[%clk 01:28:38]} {[%emt 00:02:24]} 7. Bxf3 {[%clk 01:32:28]}
{[%emt 00:00:25]} e6 {[%clk 01:28:34]} {[%emt 00:00:34]} 8. O-O {[%clk
01:32:41]} {[%emt 00:00:17]} Be7 {[%clk 01:27:40]} {[%emt 00:01:24]} 9. d3
{[%clk 01:32:34]} {[%emt 00:00:37]} Nc6 {[%clk 01:27:24]} {[%emt 00:00:46]} 10.
Nd2 {[%clk 01:29:51]} {[%emt 00:03:13]} Qc7 {[%clk 01:26:01]} {[%emt 00:01:54]}
11. Qe2 {[%clk 01:15:19]} {[%emt 00:15:01]} O-O {[%clk 01:23:05]} {[%emt
00:03:27]} 12. a3 {[%clk 01:09:27]} {[%emt 00:06:21]} b5 {[%clk 01:21:17]}
{[%emt 00:02:19]} 13. a4 {[%clk 01:05:06]} {[%emt 00:04:51]} b4 {[%clk
01:12:11]} {[%emt 00:09:36]} 14. Qe1 {[%clk 01:02:38]} {[%emt 00:02:57]} Rac8
{[%clk 01:07:16]} {[%emt 00:05:26]} 15. Qg3 {[%clk 01:01:24]} {[%emt 00:01:43]}
Rfd8 {[%clk 01:06:24]} {[%emt 00:01:22]} 16. Rae1 {[%clk 00:59:48]} {[%emt
00:02:06]} Na5 {[%clk 01:03:57]} {[%emt 00:02:58]} 17. Be2 {[%clk 00:56:51]}
{[%emt 00:03:26]} Ne8 {[%clk 01:03:15]} {[%emt 00:01:12]} 18. Rd1 {[%clk
00:42:41]} {[%emt 00:14:40]} Bf6 {[%clk 00:59:10]} {[%emt 00:04:35]} 19. Bxf6
{[%clk 00:40:07]} {[%emt 00:03:04]} Nxf6 {[%clk 00:59:02]} {[%emt 00:00:38]}
20. Kh1 {[%clk 00:35:21]} {[%emt 00:05:16]} Qc6 {[%clk 00:57:16]} {[%emt
00:02:17]} 21. f5 {[%clk 00:30:03]} {[%emt 00:05:47]} Re8 {[%clk 00:46:49]}
{[%emt 00:10:57]} 22. fxe6 {[%clk 00:20:18]} {[%emt 00:10:15]} Qxe6 {[%clk
00:46:39]} {[%emt 00:00:40]} 23. Rf3 {[%clk 00:20:09]} {[%emt 00:00:39]} Ng4
{[%clk 00:40:53]} {[%emt 00:06:17]} 24. e4 {[%clk 00:14:02]} {[%emt 00:06:37]}
d4 {[%clk 00:34:53]} {[%emt 00:06:29]} 25. Re1 {[%clk 00:11:23]} {[%emt
00:03:09]} Ne3 {[%clk 00:34:57]} {[%emt 00:00:27]} 26. Bd1 {[%clk 00:11:21]}
{[%emt 00:00:31]} Qg6 {[%clk 00:31:06]} {[%emt 00:04:21]} 27. Nf1 {[%clk
00:06:09]} {[%emt 00:05:41]} Qxg3 {[%clk 00:29:55]} {[%emt 00:01:42]} 28. Nxg3
{[%clk 00:06:17]} {[%emt 00:00:22]} g6 {[%clk 00:29:59]} {[%emt 00:00:26]} 29.
Nf1 {[%clk 00:06:11]} {[%emt 00:00:36]} Nd5 {[%clk 00:29:32]} {[%emt 00:00:57]}
30. g4 {[%clk 00:04:30]} {[%emt 00:02:11]} Kg7 {[%clk 00:27:11]} {[%emt
00:02:51]} 31. Kg1 {[%clk 00:03:16]} {[%emt 00:01:44]} f6 {[%clk 00:26:09]}
{[%emt 00:01:32]} 32. h3 {[%clk 00:01:50]} {[%emt 00:01:56]} Nc6 {[%clk
00:25:45]} {[%emt 00:00:54]} 33. Rf2 {[%clk 00:01:25]} {[%emt 00:00:55]} Nc3
{[%clk 00:25:44]} {[%emt 00:00:31]} 34. Nd2 {[%clk 00:01:31]} {[%emt 00:00:24]}
h6 {[%clk 00:15:57]} {[%emt 00:10:17]} 35. Nc4 {[%clk 00:01:31]} {[%emt
00:00:30]} Rc7 {[%clk 00:15:37]} {[%emt 00:00:50]} 36. Ref1 {[%clk 00:01:14]}
{[%emt 00:00:46]} Re6 {[%clk 00:14:40]} {[%emt 00:01:27]} 37. Bf3 {[%clk
00:00:56]} {[%emt 00:00:49]} Rce7 {[%clk 00:14:23]} {[%emt 00:00:46]} 1/2-1/2